1204 1650 1675 1874 1212 1198 1921 1332 1892 1069 1014 1020 1117 1754 1124 1813 1789 1337 1389 1973 1712 1331 1591 1387 1615 1565 1053 1621 1704 1392 1434 1158 1666 1688 1706 1656 1832 1050 1651 1905 1895 1895 1056 1119 1890 1589 1715 1548 1242 1436 1896 1366 1079 1149 1855 1997 1524 1697 1407 1341 1327 1621 1678 1423 1404 1869 1951 1026 1652 1761 1229 1254 1649 1334 1767 1353 1605 1136 1144 1202 1417 1848 1305 1398 1049 1462 1916 1031 1668 1622 1040 1529 1951 1927 1224 1642 1199 1009 1364 BCNSPRNW ULIB Ver.6.0+V

เปลี่ยนเป็นภาษาไทย

Change to English
 แสดงรายละเอียดบรรณานุกรม
  กลับหน้าหลัก

Brief Record : Get Marc (ISO 2709) : E-mail record : QR code < ปิดหน้าต่าง
LEADER : 00000nam 2200000uu 4500
001    13399122506
003     ULIB
008    970921s2535 th a m 000 0 tha d
099    ^aวพ.WC550^bร466ป
100 0  ^aรำไพ เกียรติอดิศร
245 10 ^aประสิทธิผลของโปรแกรมสุขศึกษาในการป้องกันโรคพิษสุนัขบ้าของห ัวหน้าครัวเรือนในเขตอำเภอลาดยาว จังหวัดนครสวรรค์ =^bThe effectiveness of health education program on prevention of rabies among heads of household in Ladyoa district, Nakornsawan province /^cโดย รำไพ เกียรติอดิศร
246 31 ^aThe effectiveness of health education program on prevention of rabies among heads of household in Ladyoa district,Nakornsawan province
260    ^a^c2535
300    ^aก-ญ, 125 แผ่น ;^c30 ซม.
500    ^aSend to Single Search
502    ^aวิทยานิพนธ์ (วท.ม. (สาธารณสุขศาสตร์))--มหาวิทยาลัยมหิดล, 2535
610 24 ^aมหาวิทยาลัยมหิดล^xวิทยานิพนธ์
610 24 ^aมหาวิทยาลัยมหิดล. ^bคณะสาธารณสุขศาสตร์^xวิทยานิพนธ์
650  4 ^aโรคพิษสุนัขบ้า
650  4 ^aการสอนแบบโปรแกรม
650  4 ^aโรคกลัวน้ำ^xการป้องกันและควบคุม
650  4 ^aสุขศึกษา
691    ^aวท.ม. (2535)
692    ^aสุขศึกษา (มหาวิทยาลัยมหิดล 2535)
710 2  ^aมหาวิทยาลัยมหิดล
710 2  ^aมหาวิทยาลัยมหิดล. ^bคณะสาธารณสุขศาสตร์
945    ^p0^l0^i023428
999    ^aกมลทิพย์ ธนสารสุธี
รายการนี้ยังไม่มีแท็ก
คุณยังไม่ได้ล็อกอิน คุณสามารถมีกิจกรรมร่วมกับเว็บไซต์ได้ แต่ต้องล็อกอินก่อน ::
  ล็อกอิน

รายการสื่อสารสนเทศ

ลำดับที่ ประเภท เลขเรียก/บาร์โค้ด สถานที่ สถานะ
1. วิทยานิพนธ์
วิทยานิพนธ์
วพ.WC550 ร466ป  
  Barcode: 023428
ห้องสมุดวิทยาเขตสวรรค์ประชารักษ์
► วิทยานิพนธ์
บนชั้น

รายการใกล้เคียง
    หัวเรื่อง [สุขศึกษา]

BibComment


ยังไม่เคยถูกคอมเมนท์

คอมเมนท์ทรัพยากรรายการนี้
  คอมเมนท์: ประสิทธิผลของโปร..


 Copyright 2026. Bcnsprnw @Library